1760 1366 1318 1736 1754 1664 1029 1011 1834 1288 1711 1102 1580 1882 1436 1111 1609 1925 1343 1528 1773 1609 1691 1926 1284 1853 1052 1108 1034 1664 1821 1667 1252 1355 1252 1692 1075 1827 1922 1290 1966 1201 1098 1650 1298 1603 1088 1549 1860 1937 1789 1136 1929 1631 1715 1055 1063 1699 1566 1294 1663 1984 1165 1092 1438 1137 1657 1091 1238 1435 1643 1634 1748 1869 1681 1177 1058 1095 1695 1249 1217 1359 1662 1459 1172 1853 1384 1522 1818 1445 1553 1843 1783 1836 1126 1610 1473 1217 1420 BCNSPRNW ULIB Ver.6.0+V

เปลี่ยนเป็นภาษาไทย

Change to English
 แสดงรายละเอียดบรรณานุกรม
  กลับหน้าหลัก

Brief Record : Get Marc (ISO 2709) : E-mail record : QR code < ปิดหน้าต่าง
LEADER : 00000nam 2200000uu 4500
001    13399126761
003     ULIB
008    190301s2560||||th 000 0 tha d
020 ^9 ^a9786162046377
050 ^D ^aDQ26^bว357ส
100 0^ aวศิน เพิ่มทรัพย์
245 10 ^aSwiss สวิตเซอร์แลนด์เที่ยวเมืองเก่าขุนเขาเสียดฟ้าหลังคายุโรป/^cวศิน เพิ่มทรัพย์, วงศ์ประชา จันทร์สมวงศ์.
250 ^พ ^aพิมพ์ครั้งที่ 1
260 ^ก ^aกรุงเทพฯ :^bโปรวิชั่น,^c2560.
300 ^3 ^a319 หน้า :^bภาพประกอบ, แผนที่ ;^c21 ซม.
651 ^4 ^aสวิตเซอร์แลนด์^xภูมิประเทศและการท่องเที่ยว
651 ^4 ^aสวิตเซอร์แลนด์^xความเป็นอยู่และประเพณี
700 0^ aวงศ์ประชา จันทร์สมวงศ์
945    ^p385^l0^i27155
999    ^aกัณชพร จุลอักษร
รายการนี้ยังไม่มีแท็ก
คุณยังไม่ได้ล็อกอิน คุณสามารถมีกิจกรรมร่วมกับเว็บไซต์ได้ แต่ต้องล็อกอินก่อน ::
  ล็อกอิน

รายการสื่อสารสนเทศ

ลำดับที่ ประเภท เลขเรียก/บาร์โค้ด สถานที่ สถานะ
1. วิทยาศาสตร์การแพทย์ และสุขภาพ
วิทยาศาสตร์การแพทย์ และสุขภาพ
DQ26 ว357ส ฉ.1 
  Barcode: 27155
ห้องสมุดวิทยาเขตนครสวรรค์
►หนังสือทั่วไป:l:General Books
บนชั้น

รายการใกล้เคียง
    ชื่อเรื่อง [Swiss สวิตเซอร์แลนด์เที่ยวเมืองเก่าขุนเขาเสียดฟ้าหลังคายุโรป/ วศิน เพิ่มทรัพย์, วงศ์ประชา จันทร์สมวงศ์.]

BibComment


ยังไม่เคยถูกคอมเมนท์

คอมเมนท์ทรัพยากรรายการนี้
  คอมเมนท์: Swiss สวิตเซอร์แ..


 Copyright 2026. Bcnsprnw @Library